Jurisprudência do STF : (Record no. 1398)
[ view plain ]
| 000 -LÍDER | |
|---|---|
| Campo Fixo de Controle | 00801nam a2200229 a 4500 |
| 001 - NÚMERO DE CONTROLE | |
| Campo de Controle | 1398 |
| 003 - IDENTIFICAÇÃO DO NÚMERO DE CONTROLE | |
| Campo de Controle | BR-CuiBMT |
| 005 - DATA E HORA DA ÚLTIMA ATUALIZAÇÃO | |
| Campo de Controle | 20231206203018.0 |
| 008 - DADOS FIXOS | |
| Dados Fixos | 231206s2009 spb 001 0 por d |
| 020 ## - INTERNATIONAL STANDARD BOOK NUMBER | |
| Nº do ISBN | 9788530930097 |
| 040 ## - AGÊNCIA CATALOGADORA | |
| Código da Agência Catalogadora | BR-CuiBMT |
| Agência que transcreveu o registro | BR-CuiBMT |
| 080 ## - Nº DA CLASSIFICAÇÃO DECIMAL UNIVERSAL | |
| Nº edição CDU | 2007 |
| Nº Class. CDU | 347.991 |
| 090 ## - NÚMERO DE CHAMADA | |
| Nº classificação | 347.991 |
| Cutter | F363j |
| 100 1# - ENTRADA PRINCIPAL -- AUTOR PESSOAL | |
| Nome pessoal | Fernandes, Ricardo Vieira de Carvalho |
| 245 10 - TÍTULO PRINCIPAL | |
| Título principal | Jurisprudência do STF : |
| Subtítulo | anotada e comentada / |
| Indicação de responsabilidade | Ricardo Vieira de Carvalho Fernandes ; Eduardo Muniz Machado Cavalcanti; prefácio: Ministro Marco Aurélio Mello. |
| 260 ## - PUBLICAÇÃO, DISTRIBUIÇÃO, ETC. | |
| Local de publicação | São Paulo : |
| Editora | Método, |
| Data | 2009. |
| 300 ## - DESCRIÇÃO FÍSICA | |
| N. páginas ou volumes | 613 p. ; |
| Dimensões | 23 cm |
| 504 ## - NOTA DE BIBLIOGRAFIA, ETC. | |
| Nota de bibliografia | Inclui bibliografia e índice. |
| 650 ## - ASSUNTO TÓPICO | |
| Cabeçalho tópico ou nome geográfico | Supremo Tribunal Federal |
| Subdivisão de forma | jurisprudência |
| Subdivisão geográfica | Brasil |
| 700 1# - ENTRADA SECUNDÁRIA -- NOME PESSOAL | |
| Nome pessoal | Cavalcanti, Eduardo Muniz Machado |
| 942 ## - ELEMENTOS DE ENTRADA ADICIONAIS (KOHA) | |
| Fonte de classificação ou esquema de arquivamento | Classificação Decimal Universal |
| Tipo de item do Koha | Livros |
| Estado: removido | Estado: perdido | Fonte de classificação ou esquema de arquivamento | Estado: danificado | Indisponível para empréstimo | Localização permanente | Localização atual | Data de aquisição | Total Checkouts | Número de Chamada completo | Código de barras | Date last seen | Número do exemplar | Preço efetivo a partir de | Tipo de item (Koha) |
|---|---|---|---|---|---|---|---|---|---|---|---|---|---|---|
| Classificação Decimal Universal | Biblioteca da Escola Superior de Contas do TCE/MT | Biblioteca da Escola Superior de Contas do TCE/MT | 06/12/2023 | 347.991 F363j | BIBTCEMT23120280 | 06/12/2023 | Ex. 1 | 06/12/2023 | Livros |